Normal view MARC view

Entry Personal Name

Number of records used in: 1

001 - CONTROL NUMBER

  • control field: 1018

003 - CONTROL NUMBER IDENTIFIER

  • control field: PK-NaQUE

005 - DATE AND TIME OF LATEST TRANSACTION

  • control field: 20260629113511.0

008 - FIXED-LENGTH DATA ELEMENTS

  • fixed length control field: 260629|| aca||aabn | a|a d

040 ## - CATALOGING SOURCE

  • Original cataloging agency: PK-NaQUE
  • Transcribing agency: PK-NaQUE

100 ## - HEADING--PERSONAL NAME

  • Personal name: Ahsan Ali Naich
  • Personal name: 21-MSIT-01
  • Personal name: Supervisor - Dr. Saima Siraj Soomro

670 ## - SOURCE DATA FOUND

  • Source citation: Work cat.: (PK-NaQUE)69076: Ahsan Ali Naich 21-MSIT-01 Supervisor - Dr. Saima Siraj Soomro, Comparative Analysis of Mobile Ad HOC Network Routing Protocols ( Thesis MS), 2024p.